Biggest villages and towns of Latvia - Statistics

General Stats
  • This quiz has been taken 9 times
  • The average score is 22 of 135
Answer Stats
Reģion Population Town % Correct
Rīga 601.157 Rīga
100%
Vidzeme 2051 Liepa
89%
Kurzeme 67.652 Liepāja
89%
Kurzeme 16.124 Tukums
89%
Latgale 78.632 Daugavpils
78%
Kurzeme 32.741 Ventspils
78%
Vidzeme 15.016 Cēsis
67%
Rīga 51.618 Jūrmala
67%
Latgale 26.784 Rēzekne
67%
Vidzeme 4578 Valka
67%
Vidzeme 22.800 Valmiera
67%
Zemgale 20.832 Jēkabpils
56%
Zemgale 55.359 Jelgava
56%
Kurzeme 9892 Kuldīga
56%
Zemgale 1222 Sala
56%
Rīga 17.754 Salaspils
56%
Vidzeme 6132 Alūksne
44%
Vidzeme 6552 Madona
44%
Rīga 16.542 Mārupe
44%
Vidzeme 22.641 Ogre
44%
Kurzeme 8674 Talsi
44%
Rīga 7623 Ādaži
33%
Latgale 5530 Balvi
33%
Zemgale 9683 Bauska
33%
Vidzeme 6714 Gulbene
33%
Rīga 5032 Ķekava
33%
Latgale 6812 Krāslava
33%
Vidzeme 6456 Limbaži
33%
Latgale 7337 Ludza
33%
Rīga 14.675 Sigulda
33%
Zemgale 8502 Dobele
22%
Kurzeme 1373 Dundaga
22%
Kurzeme 3628 Grobiņa
22%
Kurzeme 3231 Kandava
22%
Latgale 6673 Līvāni
22%
Rīga 9699 Olaine
22%
Latgale 5744 Preiļi
22%
Rīga 1538 Ropaži
22%
Vidzeme 3122 Saulkrasti
22%
Vidzeme 5133 Smiltene
22%
Vidzeme 1607 Varakļāni
22%
Zemgale 6633 Aizkraukle
11%
Kurzeme 3771 Aizpute
11%
Rīga 1147 Babīte
11%
Rīga 4902 Carnikava
11%
Latgale 1786 Dagda
11%
Kurzeme 1310 Engure
11%
Zemgale 5328 Iecava
11%
Vidzeme 7420 Ikšķile
11%
Zemgale 1659 Jaunjelgava
11%
Rīga 3276 Jaunmārupe
11%
Latgale 1815 Kārsava
11%
Vidzeme 5862 Lielvārde
11%
Vidzeme 1076 Mazsalaca
11%
Kurzeme 1176 Mērsrags
11%
Rīga 3375 Piņķi
11%
Vidzeme 1974 Priekuļi
11%
Vidzeme 2620 Rūjiena
11%
Vidzeme 2444 Salacgrīva
11%
Kurzeme 9653 Saldus
11%
Vidzeme 1084 Seda
11%
Kurzeme 1718 Skrunda
11%
Rīga 1058 Skulte
11%
Rīga 5562 Ulbroka
11%
Kurzeme 1136 Valdemārpils
11%
Zemgale 1946 Vecumnieki
11%
Latgale 1138 Viļaka
11%
Vidzeme 1016 Aloja
0%
Zemgale 1195 Āne
0%
Zemgale 2135 Auce
0%
Vidzeme 1357 Augšlīgatne
0%
Rīga 3689 Baldone
0%
Rīga 6747 Baloži
0%
Zemgale 1087 Bēne
0%
Rīga 1433 Berģi
0%
Zemgale 1035 Brankas
0%
Kurzeme 2906 Brocēni
0%
Rīga 1343 Bukulti
0%
Vidzeme 1184 Cesvaine
0%
Vidzeme 1124 Ciemupe
0%
Rīga 1902 Dreiliņi
0%
Rīga 1462 Dzidriņas
0%
Zemgale 1461 Eleja
0%
Vidzeme 1549 Ērgļi
0%
Rīga 1469 Garciems
0%
Rīga 2012 Garkalne
0%
Rīga 1383 Gauja
0%
Latgale 2033 Ilūkste
0%
Rīga 2014 Inčukalns
0%
Rīga 1198 Jāņupe
0%
Rīga 3436 Jaunolaine
0%
Rīga 2425 Kadaga
0%
Zemgale 1499 Kalnciems
0%
Rīga 1233 Kalngale
0%
Rīga 2491 Katlakalns
0%
Vidzeme 2045 Ķegums
0%
Zemgale 2370 Koknese
0%
Kurzeme 1193 Lapmežciems
0%
Rīga 1131 Līči
0%
Vidzeme 1005 Līgatne
0%
Vidzeme 1398 Lubāna
0%
Rīga 1762 Mālpils
0%
Latgale 1986 Malta
0%
Rīga 1839 Medemciems
0%
Rīga 1572 Mežāres
0%
Vidzeme 1503 Ogresgals
0%
Zemgale 4131 Ozolnieki
0%
Zemgale 2855 Pļaviņas
0%
Kurzeme 1804 Priekule
0%
Rīga 1186 Ragana
0%
Rīga 1522 Rāmava
0%
Vidzeme 1054 Rauna
0%
Zemgale 1164 Rītausmas
0%
Kurzeme 1940 Roja
0%
Kurzeme 1312 Sabile
0%
Rīga 1141 Saulkalne
0%
Rīga 1706 Saurieši
0%
Rīga 1283 Silakrogs
0%
Zemgale 2235 Skrīveri
0%
Rīga 1458 Spilve
0%
Kurzeme 1509 Stende
0%
Rīga 1192 Stūnīši
0%
Rīga 1411 Tīraine
0%
Kurzeme 1447 Ugāle
0%
Rīga 1291 Upesciems
0%
Rīga 1300 Upeslejas
0%
Kurzeme 1405 Vaiņode
0%
Rīga 1511 Valdlauči
0%
Vidzeme 2539 Valmiermuiža
0%
Rīga 3193 Vangaži
0%
Latgale 1242 Vecstropi
0%
Zemgale 1457 Viesīte
0%
Latgale 2658 Viļāni
0%
Latgale 1238 Zilupe
0%
Vidzeme 1941 Zvejniekciems
0%
No matching quizzes found
Score Distribution
Percent of People with Each Score
Percentile by Number Answered
Your Score History
You have not taken this quiz